Александровский дворец (Запись № 27951)

Подробности
000 -МАРКЕР
контрольное поле 01449nam0a2200313 4500
001 - ИДЕНТИФИКАТОР ЗАПИСИ
контрольное поле RU\NLR\bibl\8910
005 - ИДЕНТИФИКАТОР ВЕРСИИ
контрольное поле 20260607062047.0
021 ## - НОМЕР ГОСУДАРСТВЕННОЙ РЕГИСТРАЦИИ
Код страны Российская Федерация
Номер 98-11054
Номер Листа государственной регистраци 521
035 ## - ДРУГИЕ СИСТЕМНЫЕ НОМЕРА
Идентификатор записи (NLR Aleph) 000008709
100 ## - ДАННЫЕ ОБЩЕЙ ОБРАБОТКИ
Данные общей обработки 19981130d1997 |||y0rusy50 ca
101 0# - ЯЗЫК РЕСУРСА
Язык текста, звукозаписи и т.д. русский
102 ## - СТРАНА ПУБЛИКАЦИИ ИЛИ ПРОИЗВОДСТВА
Страна публикации Российская Федерация
105 ## - ПОЛЕ КОДИРОВАННЫХ ДАННЫХ: ТЕКСТОВЫЕ МАТЕРИАЛЫ, МОНОГРАФИЧЕСКИЕ
Кодированные данные о монографическом текстовом документе a |||||||||
200 1# - ЗАГЛАВИЕ И СВЕДЕНИЯ ОБ ОТВЕТСТВЕННОСТИ
Основное заглавие Александровский дворец
Сведения, относящиеся к заглавию [Очерк
Первые сведения об ответственности Авт. текста: И. Ботт, В. Файбисович
Последующие сведения об ответственности Гос. музей-заповедник "Цар. Село"]
210 ## - ПУБЛИКАЦИЯ, РАСПРОСТРАНЕНИЕ И ДР.
Место издания, распространения и т.д. Б.м.
Имя издателя, распространителя и т. д. ZiMiX
Дата издания, распространения и т.д. 1997
215 ## - ФИЗИЧЕСКАЯ ХАРАКТЕРИСТИКА
Специфическое обозначение материала и объем 17 с.
Другие сведения о физической характеристике ил., цв. ил., портр.
Размеры 21
320 ## - ПРИМЕЧАНИЯ О НАЛИЧИИ В ДОКУМЕНТЕ БИБЛИОГРАФИИ / УКАЗАТЕЛЯ
Текст примечания Библиогр. в подстроч. примеч.
607 ## - ГЕОГРАФИЧЕСКОЕ НАИМЕНОВАНИЕ КАК ПРЕДМЕТ
Географическое наименование Александровский дворец-музей
Тематический подзаголовок Архитектура
Системный номер авторитетной/нормативной записи 2378360
Идентификатор авторитетной/нормативной записи RU\NLR\auth\661419152
686 ## - ИНДЕКСЫ ДРУГИХ КЛАССИФИКАЦИЙ
Индекс Щ113(2Р=Рус)92Петербург9Пушкин
700 #1 - ИМЯ ЛИЦА - ПЕРВИЧНАЯ ОТВЕТСТВЕННОСТЬ
Код отношения Автор
Графика поля Кириллица
Материалы, к которым относится поле rus
Начальный элемент ввода Ботт
Часть имени, кроме начального элемента ввода И. К.
Расширение инициалов личного имени Ираида Куртовна
Системный номер авторитетной/нормативной записи 117199
Идентификатор авторитетной/нормативной записи RU\NLR\auth\777262
701 #1 - ИМЯ ЛИЦА - АЛЬТЕРНАТИВНАЯ ОТВЕТСТВЕННОСТЬ
Код отношения Автор
Графика поля Кириллица
Материалы, к которым относится поле rus
Начальный элемент ввода Файбисович
Часть имени, кроме начального элемента ввода В. М.
Расширение инициалов личного имени Виктор Михайлович
Системный номер авторитетной/нормативной записи 117200
Идентификатор авторитетной/нормативной записи RU\NLR\auth\777263
712 02 - НАИМЕНОВАНИЕ ОРГАНИЗАЦИИ - ВТОРИЧНАЯ ОТВЕТСТВЕННОСТЬ
Код отношения Прочие
Начальный элемент ввода "Царское Село", государственный музей-заповедник
Идентифицирующий признак Пушкин, Санкт-Петербург
Системный номер авторитетной/нормативной записи 386700
Идентификатор авторитетной/нормативной записи RU\NLR\AUTH\889945637
801 #0 - ИСТОЧНИК ЗАПИСИ
Страна Российская Федерация
Организация NLR
Дата составления 19981130
Правила каталогизации PSBO
801 #1 - ИСТОЧНИК ЗАПИСИ
Страна Российская Федерация
Организация NLR
Дата составления 19981130
852 ## - МЕСТОНАХОЖДЕНИЕ И ШИФР ХРАНЕНИЯ
Идентификатор организации NLR
Шифр хранения (Call Number) 98-6/345
942 ## - ДОПОЛНИТЕЛЬНЫЕ ЭЛЕМЕНТЫ ЗАПИСИ (АБИС)
Тип экземпляра АБИС Книга
980 ## - КОЛЛЕКЦИЯ
Название коллекции Национальная библиография
Экземпляры
Тип экземпляра Дата поступления Библиотека постоянного хранения Библиотека текущего хранения Место хранения Шифр хранения Штрих-код Статус экземпляра Источник поступления
Книга 26.10.2013 РНБ (Московский) РНБ (Московский) Русский книжный фонд: издания с 1957 года 98-6/345 1-431397    
Книга 07.05.2015 РНБ (Московский) РНБ (Московский) Русский книжный фонд: издания с 1957 года   1-974836    
Книга 24.10.2015 РНБ (Фонтанка) РНБ (Фонтанка) Юношеский читальный зал Ю Т3(2-2СПб)Пр.Пушкин/Б-86 1-1157236   Источник неизвестен